000 00879cam a2200277 a 4500
001 42370
003 BD-RjUL
005 20211209053530.0
008 161226s2001 maua b 001 0 eng
020 _a0205195199
035 _a(BD-RjUL)42488
040 _aDLC
_cDLC
_dDLC
_dBD-RjUL
_beng
041 _aeng
082 0 0 _a306.7
_223
_bMCE
100 1 _aMcAnulty, Richard D.
_9177301
245 1 0 _aExploring human sexuality :
_bmaking healthy decisions /
_cRichard D. McAnulty, M. Michele Burnette.
260 _aBoston :
_bAllyn and Bacon,
_cc2001.
300 _axxviii, 692 p. :
_bill. ;
_c28 cm.
500 _aGlossary : p. [609] -619
504 _aIncludes bibliographical references and indexes.
650 0 _aSex.
_9177302
650 0 _aHygiene, Sexual
_9177353
700 1 _aBurnette, M. Michele, Jt. auth.
_9177304
942 _2ddc
_cRAR
999 _c42370
_d42370